Top 50 AFL Players 2020 - Statistics

General Stats
  • This quiz has been taken 526 times
    523 since last reset
  • The average score is 24 of 50
Answer Stats
# Team Position Answer % Correct
3 Richmond Midfield Dustin Martin
98%
2 Collingwood Ruck Brody Grundy
97%
1 Brisbane Midfield Lachie Neale
96%
5 Carlton Midfield Patrick Cripps
96%
4 Fremantle Midfield Nat Fyfe
95%
6 Geelong Mdfield Patrick Dangerfield
93%
9 Melbourne Ruck Max Gawn
90%
7 Western Bulldogs Mdfield Marcus Bontempelli
89%
10 Collingwood Midfield Scott Pendlebury
75%
14 Port Adelaide Forward Charlie Dixon
71%
13 Melbourne Midfield Christian Petracca
71%
12 Hawthorn Midfield Tom Mitchell
70%
15 Brisbane Lions Midfield Dayne Zorko
64%
11 West Coast Midfield Andrew Gaff
57%
8 GWS Midfield Lachie Whitfield
57%
24 North Melbourne Ruck Todd Goldstein
57%
18 West Coast Defender Jeremy Mcgovern
55%
25 Port Adelaide Midfield Travis Boak
53%
22 GWS Forward Toby Greene
51%
19 Western Bulldogs Midfield Jack Macrae
49%
34 Melbourne Midfield Clayton Oliver
47%
27 Brisbane Defender Harris Andrews
47%
28 Sydney Midfield Luke Parker
47%
33 St Kilda Midfield Jack Steele
46%
29 Adelaide Ruck Reilly O-Brien
46%
21 North Melbourne Midfield Ben Cunnington
44%
17 Essendon Midfield Dylan Shiel
43%
20 Collingwood Midfield Adam Treloar
40%
42 Geelong Midfield Joel Selwood
39%
16 Western Bulldogs Midfield Bailey Smith
37%
41 Brisbane Forward Charlie Cameron
36%
45 Adelaide Midfield Rory Sloane
35%
30 Sydney Defender Jake Lloyd
34%
37 Richmond Defender Dylan Grimes
33%
26 Collingwood Defender Brayden Maynard
31%
32 Essendon Forward Jake Stringer
30%
36 Fremantle Forward Michael Walters
30%
38 GWS Midfield Stephen Coniglio
30%
43 Essendon Midfield Zach Merrett
30%
23 Carlton Defender Sam Docherty
28%
49 Collingwood Forward Jordan De Goey
26%
44 Collingwood Midfield Taylor Adams
26%
48 Sydney Forward Tom Papley
26%
35 Richmond Defender Bachar Houli
25%
40 GWS Midfield Josh Kelly
25%
39 Colingwood Defender Jeremy Howe
22%
31 Western Bulldogs Midfield Lachie Hunter
19%
46 GWS Defender Nick Haynes
18%
50 Collingwood Defender Jack Crisp
16%
47 Gold Coast Midfield Hugh Greenwood
9%
No matching quizzes found
Score Distribution
Percent of People with Each Score
Percentile by Number Answered
Your Score History
You have not taken this quiz since the last reset